Měnové a finanční soustavy v kapitalistických státech

Na minha lista:
Detalhes bibliográficos
Formato: Livro
Idioma:tcheco
Publicado em: Praha Státní pedagogické nakladatelství 1975
Tags: Adicionar Tag
Sem tags, seja o primeiro a adicionar uma tag!

MARC

LEADER 00000nam a2200000 4500
001 c141959
005 20260323072151.5
041 0 |a cze 
044 |a CZ 
245 1 0 |a Měnové a finanční soustavy v kapitalistických státech  |c Jiřina Průchová a kol. 
264 1 |a Praha  |b Státní pedagogické nakladatelství  |c 1975 
300 |a 220 s.